00515nam a2200193 a 4500001001300000003000900013005001700022008004100039020000800080082001800088100001900106245004700125260004700172300000900219500003500228505001000263650002900273700001900302nice12345678IN_TiNIC20260116012942.0050805s1871 phia grp 000 0 eng  ac000a220.5209bPOT aPotter, John E aHoly Bible, the Comprehensive Family Bible aPhiladelphiabJohn e Potter and Co.,c1871 a828p aincludes index and biblioraphy2 aIndex aBible-Study and Teaching1 aPotter, John E